|
|
|
|
| LEADER |
02619nam a2200697 i 4500 |
| 001 |
nkc20223466523 |
| 003 |
CZ PrNK |
| 005 |
20240829130127.0 |
| 007 |
ta |
| 008 |
221026s2022 xr f 001 0 cze |
| 015 |
|
|
|a cnb003466523
|
| 020 |
|
|
|a 978-80-246-5057-9
|q (brožováno)
|
| 035 |
|
|
|a (OCoLC)1357139812
|
| 040 |
|
|
|a BOA001
|b cze
|e rda
|
| 041 |
0 |
|
|a cze
|b eng
|
| 043 |
|
|
|a e-xr---
|
| 045 |
|
|
|a x9y1
|
| 072 |
|
7 |
|a 327
|x Mezinárodní vztahy, světová politika
|2 Konspekt
|9 15
|
| 080 |
|
|
|a [339.923+327](4)
|2 MRF
|
| 080 |
|
|
|a 329.1/.6
|2 MRF
|
| 080 |
|
|
|a 323.21
|2 MRF
|
| 080 |
|
|
|a 35:32
|2 MRF
|
| 080 |
|
|
|a 316.772.4:32
|2 MRF
|
| 080 |
|
|
|a 801.73
|2 MRF
|
| 080 |
|
|
|a (437.3)
|2 MRF
|
| 080 |
|
|
|a (048.8)
|2 MRF
|
| 100 |
1 |
|
|a Hrubeš, Milan
|7 ola2012698298
|4 aut
|
| 245 |
1 |
0 |
|a Evropská unie v českém veřejném diskursu :
|b (re)konstrukce příběhu /
|c Milan Hrubeš
|
| 250 |
|
|
|a Vydání první
|
| 264 |
|
1 |
|a Praha :
|b Univerzita Karlova, nakladatelství Karolinum,
|c 2022
|
| 300 |
|
|
|a 234 stran ;
|c 23 cm
|
| 336 |
|
|
|a text
|b txt
|2 rdacontent
|
| 337 |
|
|
|a bez média
|b n
|2 rdamedia
|
| 338 |
|
|
|a svazek
|b nc
|2 rdacarrier
|
| 490 |
1 |
|
|a Studie ;
|v 145. svazek
|
| 504 |
|
|
|a Obsahuje bibliografii, bibliografické odkazy a rejstříky
|
| 546 |
|
|
|a Anglické resumé
|
| 610 |
2 |
7 |
|a Evropská unie
|7 kn20010711086
|2 czenas
|
| 648 |
|
7 |
|a 1991-2020
|7 ch771949
|2 czenas
|
| 650 |
0 |
7 |
|a evropská integrace
|7 ph137464
|z Česko
|2 czenas
|
| 650 |
0 |
7 |
|a politické strany
|7 ph115790
|z Česko
|y 1991-2020
|2 czenas
|
| 650 |
0 |
7 |
|a občanská společnost
|7 ph123633
|z Česko
|y 1991-2020
|2 czenas
|
| 650 |
0 |
7 |
|a veřejná politika
|7 ph127073
|z Česko
|y 1991-2020
|2 czenas
|
| 650 |
0 |
7 |
|a politická komunikace
|7 ph136837
|z Česko
|y 1991-2020
|2 czenas
|
| 650 |
0 |
7 |
|a diskurzivní analýza
|7 ph503054
|2 czenas
|
| 650 |
0 |
9 |
|a European integration
|z Czechia
|2 eczenas
|
| 650 |
0 |
9 |
|a political parties
|z Czechia
|y 1991-2020
|2 eczenas
|
| 650 |
0 |
9 |
|a civil society
|z Czechia
|y 1991-2020
|2 eczenas
|
| 650 |
0 |
9 |
|a public policy
|z Czechia
|y 1991-2020
|2 eczenas
|
| 650 |
0 |
9 |
|a communication in politics
|z Czechia
|y 1991-2020
|2 eczenas
|
| 650 |
0 |
9 |
|a discourse analysis
|2 eczenas
|
| 655 |
|
7 |
|a monografie
|7 fd132842
|2 czenas
|
| 655 |
|
9 |
|a monographs
|2 eczenas
|
| 810 |
2 |
|
|a Univerzita Karlova.
|t Studie
|0 s
|
| 910 |
2 |
|
|a BOA001
|b 2-1499.340
|
| 928 |
9 |
|
|a Karolinum
|
| 990 |
|
|
|a BK
|
| 995 |
|
|
|a 01
|
| 991 |
|
|
|b 202212
|c NOV
|
| 996 |
6 |
|
|b 2610922364
|c 2-1499.340
|l MZK
|r Sklad / do 1 hodiny
|n 0
|p p.v.
|w 001906858
|u 000010
|a 1
|e BOA001
|j MZK50
|s P
|
| 996 |
7 |
|
|b 2610925127
|c 2-1499.340
|l Vol.výběr
|r VV 0p
|n 1
|p kup
|h 327 HRU
|w 001906858
|u 000020
|a 0
|e BOA001
|j MZK50
|s A
|